000 00362 a2200169 4500
001 195359
020 _a85-00-62941-X
040 _cMagnum
100 _aHarris, Nathaniel
240 1 0 _aVida e obra de Picasso
_l
245 1 0 _aVida e obra de Picasso
300 _a79
362 0 _a1995
440 1 _aEdiouro
697 _aPINTORES E PINTURAS
942 _cBK
999 _c195359
_d195359